Salvador Allende en el umbral del siglo XXI /
Se reúnen discursos del presidente chileno Salvador Allende, sobre sus proyectos e ideas políticas, acompañados por trabajos sobre su pensamiento socialista y su vigencia contemporánea.
Salvato in:
| Autore principale: | |
|---|---|
| Natura: | Libro |
| Lingua: | spagnolo |
| Pubblicazione: |
México :
Plaza y Janés,
1998, c1998
|
| Soggetti: | |
| Tags: |
Nessun Tag, puoi essere il primo ad aggiungerne!!
|
MARC
| LEADER | 00000nam^a2200000^a^4500 | ||
|---|---|---|---|
| 001 | 000110807 | ||
| 005 | 20250521000000.0 | ||
| 009 | 20260310093808.468 | ||
| 020 | |a 968-11-0324-6 | ||
| 037 | |a Acervo ITESO - Biblioteca | ||
| 041 | |a ESP | ||
| 082 | |a 320. 092 |b MOD | ||
| 100 | |a Modak, Frida |e (coord.) | ||
| 245 | 1 | 0 | |a Salvador Allende en el umbral del siglo XXI / |c Coord. de Frida Modak. |
| 264 | 4 | |a México : |b Plaza y Janés, |c 1998, c1998 | |
| 300 | |a 415 p. | ||
| 336 | |a texto |b txt |2 rdacontenido | ||
| 337 | |a sin mediación |b n |2 rdamedio | ||
| 338 | |a volumen |b nc |2 rdasoporte | ||
| 520 | |a Se reúnen discursos del presidente chileno Salvador Allende, sobre sus proyectos e ideas políticas, acompañados por trabajos sobre su pensamiento socialista y su vigencia contemporánea. | ||
| 649 | |a XX | ||
| 650 | |a Políticos Chilenos - |x Discursos | ||
| 650 | |a Jefes de Estado Chilenos | ||
| 650 | |a Discurso Político | ||
| 650 | |a Socialismo - |x Teoría | ||
| 650 | |a Política - |z Chile - |x Historia - |y 1970-1973 | ||
| 650 | |a Política - |z Chile - |x Historia - |y Siglo XX | ||
| 650 | |a Política - |z Latinoamérica - |x Historia - |y Siglo XX | ||
| 650 | |a Allende, Salvador | ||
| 910 | |a Fondo General | ||
| 920 | |a Impresos - Libros | ||
| 930 | |a Colección General | ||
| 905 | |a 101 | ||
| 901 | |a 0500046705 |b IT1 |c ACC |u 20250521 | ||
| 902 | |a https://opac.biblio.iteso.mx/vufind/Record/000110807 | ||